000 00301nam a22001337a 4500
008 170406b xxu||||| |||| 00| 0 eng d
020 _a0718170250
041 _aeng
080 _a575
100 _a9
101 _aSHM
245 _aINTESTINAL IMUNOLOGY AND FOOD ALLEGRY
_cWECK.A.L
942 _2udc
_cBK
999 _c9944
_d9944